Footprints on the sands of time: (Record no. 186140)

000 -LEADER
fixed length control field 01531 a2200181 4500
003 - CONTROL NUMBER IDENTIFIER
control field NUST
005 - DATE AND TIME OF LATEST TRANSACTION
control field 20230126172928.0
040 ## - CATALOGING SOURCE
Transcribing agency Nust
082 ## - DEWEY DECIMAL CLASSIFICATION NUMBER
Classification number 900,PEA
100 ## - MAIN ENTRY--PERSONAL NAME
Personal name .Pearce, F.G
9 (RLIN) 107814
245 ## - TITLE STATEMENT
Title Footprints on the sands of time:
Remainder of title a quick survey of human history as marked by the lives of great men and women /
Statement of responsibility, etc. F.G.Pearce
260 ## - PUBLICATION, DISTRIBUTION, ETC.
Place of publication, distribution, etc. Oxford University Press
Name of publisher, distributor, etc. Humphrey Milford
Date of publication, distribution, etc. 1942
300 ## - PHYSICAL DESCRIPTION
Extent x,303, p.;
Other physical details illus
Dimensions 18 cm
Accompanying material 'Ideas rule the world'
Type of unit digars
505 ## - FORMATTED CONTENTS NOTE
Formatted contents note The Footprints of Primitive Man and Before (Page-1), Early Settlers (Page-8), The Jews in Mesopotamia (Page-15), Confucius The Moralist (Page-24), Alexander the Cosmopolitan (Page-42), Ashoka the Philanthropist and the Religion he Spread (Page-51), Casar the Dictator the Growth of Roman Power (Page-59), Marcus Aurelius the Administrtion the Roman Empire (Page-76), Justinian the Law Giver (Page-92), Mohammad the Prophet Arabia’s Gift to Man (Page-97), Roger Bacon The Inquires (Page-126), Leonardo Da Vinci The Genius The New Learning (Page-143), s The New Nations and their Kings (Page-151), Akbar the Unifier and Shivaji (Page-158), William Pitt the Statesman (Page-188), Voltaire Rousseau Paine and the French Revolution (Page-203),The Scientist the Intellectual (Page-245), The Diplomat The Growth of Germany and japan (Page-264), Generalissimo Chiang-Kai-Shek (Page-290), Whither do the Footprints Lead (Page-297).
600 ## - SUBJECT ADDED ENTRY--PERSONAL NAME
Personal name F.G.Pearce
9 (RLIN) 107815
650 ## - SUBJECT ADDED ENTRY--TOPICAL TERM
Topical term or geographic name entry element Footprints on the sands of time,
9 (RLIN) 107816
942 ## - ADDED ENTRY ELEMENTS (KOHA)
Source of classification or shelving scheme
Koha item type Book
Call number prefix 900,PEA
Holdings
Withdrawn status Lost status Source of classification or shelving scheme Damaged status Not for loan Permanent Location Current Location Shelving location Date acquired Full call number Barcode Date last seen Price effective from Koha item type Public note
          Military College of Signals (MCS) Military College of Signals (MCS) General Stacks 12/12/2016 900,PEA MCS29454 12/08/2016 12/12/2016 Book Almirah No.58, Shelf No.3
© 2023 Central Library, National University of Sciences and Technology. All Rights Reserved.